[Event "Ct. Catalunya Veterans"]
[Site "?"]
[Date "2012.05.18"]
[Round "8"]
[White "Marchador Villalba, J."]
[Black "Buxade Roca, G."]
[Result "1/2-1/2"]
[WhiteElo "2068"]
[BlackElo "2120"]
[PlyCount "129"]
[EventDate "2012.??.??"]
[EventType "swiss"]
[EventRounds "9"]

1. d4 Nf6 2. Bg5 d5 3. Bxf6 exf6 4. e3 g6 5. g3 Bg7 6. Bg2 O-O 7. Ne2 f5 8. Nf4
c6 9. Nd2 Na6 10. O-O Nc7 11. h4 Ne6 12. Nd3 f4 13. gxf4 Qxh4 14. Nf3 Qe7 15.
Kh2 Qc7 16. Bh3 b6 17. Rg1 c5 18. c3 c4 19. Bxe6 Bxe6 20. Nde1 Rae8 21. Rg3 Kh8
22. Ng2 f6 23. Qh1 Bf5 24. Kg1 Kg8 25. Nd2 Bd3 26. Rh3 Bh8 27. Nh4 Rd8 28. Nhf3
Rfe8 29. Qh2 Bf5 30. Rg3 Bg7 31. Kg2 Kf7 32. Rg1 Rh8 33. Nh4 Bd3 34. Qh3 Qd7
35. f5 g5 36. Kh1 h5 37. Qg2 Bxf5 38. Nxf5 Qxf5 39. e4 dxe4 40. Nxc4 Qf4 41.
Ne3 Qh4+ 42. Rh3 Qf4 43. Qf1 Kg6 44. Ng2 Qc7 45. Nh4+ Kf7 46. Nf5 h4 47. Qe2
Qf4 48. Nxg7 Kxg7 49. Rg4 Qf5 50. Re3 Rhe8 51. Rexe4 Rxe4 52. Rxe4 Rd7 53. f3
Kf7 54. Kh2 Qd5 55. f4 Qd6 56. Qh5+ Kg7 57. Qg4 Re7 58. Rxe7+ Qxe7 59. fxg5
fxg5 60. Qf5 Qf6 61. Qxf6+ Kxf6 62. c4 g4 63. d5 Ke5 64. a3 a5 65. a4 1/2-1/2

[Event "Ct. Catalunya Veterans"]
[Site "?"]
[Date "2012.05.18"]
[Round "8"]
[White "Nicolau Serrato, M."]
[Black "Tejero Royo, F."]
[Result "0-1"]
[WhiteElo "1928"]
[BlackElo "2132"]
[PlyCount "80"]
[EventDate "2012.??.??"]
[EventType "swiss"]
[EventRounds "9"]

1. e4 e5 2. Nf3 Nc6 3. Bb5 a6 4. Ba4 d6 5. c3 Bd7 6. O-O g6 7. h3 Bg7 8. d3
Nge7 9. Be3 O-O 10. Qd2 f6 11. Bb3+ Kh8 12. Bh6 g5 13. Bxg7+ Kxg7 14. Na3 Ng6
15. Nc4 Nf4 16. Ne3 Ne7 17. Rad1 Qe8 18. Rfe1 h5 19. Nh2 Qg6 20. d4 g4 21. h4
g3 22. fxg3 Qxg3 23. Kh1 Kh8 24. Nf3 Bh3 25. Rf1 Bg4 26. Qf2 Qxf2 27. Rxf2 Nfg6
28. g3 f5 29. Rdd2 f4 30. Nxg4 fxg3 31. Rfe2 Rxf3 32. Ne3 Nxh4 33. dxe5 dxe5
34. Rd7 Raf8 35. Kg1 Neg6 36. Rdd2 Nf4 37. Re1 Nh3+ 38. Kh1 Rxe3 39. Red1 Nf2+
40. Kg1 Nxd1 0-1

[Event "Ct. Catalunya Veterans"]
[Site "?"]
[Date "2012.05.18"]
[Round "8"]
[White "Regue Farran, E."]
[Black "Mas Recorda, P."]
[Result "1/2-1/2"]
[WhiteElo "2065"]
[BlackElo "2084"]
[PlyCount "70"]
[EventDate "2012.??.??"]
[EventType "swiss"]
[EventRounds "9"]

1. e4 e6 2. d4 d5 3. Nc3 Nf6 4. e5 Nfd7 5. f4 c5 6. Nf3 Nc6 7. Be3 a6 8. dxc5
Bxc5 9. Bxc5 Nxc5 10. Bd3 h6 11. Qd2 Bd7 12. O-O-O Qa5 13. Kb1 O-O-O 14. Ne2
Qxd2 15. Rxd2 Nxd3 16. Rxd3 f6 17. Ned4 Nxd4 18. Rxd4 f5 19. h4 Bc6 20. Rh3 Be8
21. Rd2 Bc6 22. Nd4 Kd7 23. b3 Ke7 24. Rg3 Kf7 25. Rdd3 Bd7 26. Kb2 Rc8 27. Rc3
Rxc3 28. Kxc3 Rc8+ 29. Kb4 b6 30. a4 h5 31. a5 b5 32. Rc3 Rxc3 33. Kxc3 Ke7 34.
Kb4 Kd8 35. Kc5 Kc7 1/2-1/2

[Event "Ct. Catalunya Veterans"]
[Site "?"]
[Date "2012.05.19"]
[Round "9"]
[White "Buxade Roca, G."]
[Black "Bautista Sanchez, J."]
[Result "0-1"]
[WhiteElo "2120"]
[BlackElo "2181"]
[PlyCount "84"]
[EventDate "2012.??.??"]
[EventType "swiss"]
[EventRounds "9"]

1. c4 Nf6 2. g3 c6 3. Nf3 d5 4. Bg2 g6 5. d4 Bg7 6. O-O O-O 7. Nc3 dxc4 8. e4
Bg4 9. h3 Bxf3 10. Bxf3 Qd7 11. Be3 Rd8 12. Qe2 Na6 13. Kh2 b5 14. Rfd1 Nb4 15.
a3 Nd3 16. b3 Ne8 17. bxc4 bxc4 18. e5 c5 19. Bxa8 cxd4 20. Bg2 Bxe5 21. Bh6
dxc3 22. Rxd3 cxd3 23. Qxe5 d2 24. Rd1 Rc8 25. Bf3 Qd6 26. Qe2 Qxa3 27. Qd3 Qd6
28. Qc2 Qf6 29. Kg2 g5 30. Rxd2 Qxh6 31. Rd7 Qf6 32. Rxa7 Nd6 33. Ra3 Qd4 34.
Ra2 Qc4 35. Ra1 Nb5 36. Qc1 h6 37. Bb7 Rc7 38. Ba6 Qc6+ 39. Kg1 Nd4 40. Bd3
Nf3+ 41. Kf1 Nd2+ 42. Kg1 Nb3 0-1

[Event "Ct. Catalunya Veterans"]
[Site "?"]
[Date "2012.05.19"]
[Round "9"]
[White "Garriga Nualart, J."]
[Black "Lluverol Torrents, S."]
[Result "1-0"]
[WhiteElo "2306"]
[BlackElo "2028"]
[PlyCount "81"]
[EventDate "2012.??.??"]
[EventType "swiss"]
[EventRounds "9"]

1. c4 Nf6 2. Nc3 c6 3. e4 e5 4. Nf3 Bb4 5. Qb3 Qa5 6. d3 d6 7. Bd2 Bg4 8. Be2
Nbd7 9. a3 Bxc3 10. Bxc3 Qb6 11. Qc2 O-O 12. O-O Nc5 13. b4 Ne6 14. c5 Qd8 15.
Qb2 Nf4 16. Rfd1 Re8 17. Kf1 Qd7 18. Ng1 Rad8 19. f3 Bh5 20. Kf2 Qc7 21. Bf1 d5
22. g3 d4 23. Bd2 Ne6 24. h4 Qe7 25. Bh3 Nd7 26. Kg2 f6 27. Ne2 Ndf8 28. Rf1
Kh8 29. Rf2 Bf7 30. Rh1 a5 31. f4 axb4 32. axb4 exf4 33. gxf4 Qd7 34. Rg1 Bh5
35. Ng3 Bf7 36. Kh2 Ra8 37. Ne2 Bh5 38. f5 Qc7+ 39. Rg3 Bxe2 40. fxe6 Bxd3 41.
Bf4 1-0

[Event "Ct. Catalunya Veterans"]
[Site "?"]
[Date "2012.05.19"]
[Round "9"]
[White "Mas Recorda, P."]
[Black "Coll Sola, J."]
[Result "1/2-1/2"]
[WhiteElo "2084"]
[BlackElo "2042"]
[PlyCount "42"]
[EventDate "2012.??.??"]
[EventType "swiss"]
[EventRounds "9"]

1. d4 Nf6 2. c4 g6 3. Nc3 d5 4. cxd5 Nxd5 5. Bd2 Bg7 6. e4 Nxc3 7. Bxc3 c5 8.
Bb5+ Bd7 9. Bxd7+ Qxd7 10. d5 O-O 11. Ne2 Qg4 12. Ng3 Qxd1+ 13. Rxd1 Nd7 14.
O-O Rad8 15. Bxg7 Kxg7 16. Rfe1 h6 17. Ne2 e6 18. Nc3 exd5 19. Rxd5 Nb6 20.
Rdd1 Rfe8 21. f3 Kf8 1/2-1/2

[Event "Ct. Catalunya Veterans"]
[Site "?"]
[Date "2012.05.19"]
[Round "9"]
[White "Nicolau Serrato, M."]
[Black "Grau Brumos, I."]
[Result "1-0"]
[WhiteElo "1928"]
[BlackElo "2168"]
[PlyCount "55"]
[EventDate "2012.??.??"]
[EventType "swiss"]
[EventRounds "9"]

1. e4 e5 2. Nf3 Nc6 3. Bb5 a6 4. Ba4 Nf6 5. O-O Be7 6. Re1 b5 7. Bb3 O-O 8. c3
d5 9. exd5 Nxd5 10. h3 Bb7 11. d3 Bf6 12. Nbd2 Nf4 13. Ne4 Ng6 14. Be3 Be7 15.
Qe2 Na5 16. Bc2 Bxe4 17. dxe4 c5 18. b3 Nc6 19. Rad1 Qa5 20. Bd2 Qxa2 21. Bc1
Na5 22. Rd2 Nxb3 23. Rd5 Nxc1 24. Rxc1 Nf4 25. Qd2 Nxd5 26. exd5 Rad8 27. Bxh7+
Kxh7 28. Qxa2 1-0

[Event "Ct. Catalunya Veterans"]
[Site "?"]
[Date "2012.05.19"]
[Round "9"]
[White "Simon Padros, E."]
[Black "Regue Farran, E."]
[Result "1-0"]
[WhiteElo "2224"]
[BlackElo "2065"]
[PlyCount "55"]
[EventDate "2012.??.??"]
[EventType "swiss"]
[EventRounds "9"]

1. e4 c5 2. Nc3 Nc6 3. g3 g6 4. Bg2 Bg7 5. f4 d6 6. d3 e6 7. Nf3 Nge7 8. O-O
Qb6 9. Bd2 Bd7 10. Kh1 a6 11. Rb1 O-O 12. Ne2 e5 13. c3 f5 14. Be3 Be6 15. fxe5
fxe4 16. dxe4 Bxa2 17. exd6 Rfd8 18. b4 Bxb1 19. Qb3+ Kh8 20. dxe7 Nxe7 21.
Bxc5 Qc7 22. Rxb1 Nc6 23. Nf4 Re8 24. Ng5 Ne5 25. Bd4 Qe7 26. h4 Rac8 27. Nd5
Qd6 28. Bxe5 1-0

[Event "Ct. Catalunya Veterans"]
[Site "?"]
[Date "2012.05.19"]
[Round "9"]
[White "Tarrus Galter, N."]
[Black "Garcia Riera, J."]
[Result "1-0"]
[WhiteElo "1983"]
[BlackElo "2057"]
[PlyCount "93"]
[EventDate "2012.??.??"]
[EventType "swiss"]
[EventRounds "9"]

1. d4 d5 2. c4 c6 3. Nf3 e6 4. Qc2 Nf6 5. g3 Bd6 6. Bg2 Nbd7 7. O-O O-O 8. Nc3
Re8 9. e4 dxe4 10. Ng5 Be7 11. Rd1 h6 12. Ngxe4 Qa5 13. a3 Qh5 14. Bf4 e5 15.
dxe5 Ng4 16. h3 Ngxe5 17. g4 Qg6 18. Qe2 Bf8 19. Ng3 f6 20. Be4 Qf7 21. Qc2 g5
22. Bxe5 Nxe5 23. b3 Be6 24. Nh5 Rad8 25. f4 Bc5+ 26. Kg2 gxf4 27. Nxf4 Rxd1
28. Rxd1 Bxg4 29. hxg4 Nxg4 30. Qe2 f5 31. Rd3 Qg7 32. Bd5+ Kh7 33. Qxe8 Ne3+
34. Kh1 cxd5 35. Rxe3 Bxe3 36. Qxe3 d4 37. Ne6 dxe3 38. Nxg7 Kxg7 39. Ne2 Kf6
40. Kg2 Ke6 41. Kf3 f4 42. Nxf4+ Ke5 43. Nd5 b5 44. Nxe3 bxc4 45. bxc4 h5 46.
Kg3 a5 47. Kh4 1-0

[Event "Ct. Catalunya Veterans"]
[Site "?"]
[Date "2012.05.19"]
[Round "9"]
[White "Tejero Royo, F."]
[Black "Coll Enriquez, L."]
[Result "1-0"]
[WhiteElo "2132"]
[BlackElo "2157"]
[PlyCount "75"]
[EventDate "2012.??.??"]
[EventType "swiss"]
[EventRounds "9"]

1. Nf3 f5 2. g3 g6 3. Bg2 Bg7 4. c4 e5 5. d3 Nc6 6. Nc3 d6 7. Bg5 Qd7 8. Bd2
Nf6 9. Qc2 h6 10. Nd5 g5 11. Bc3 O-O 12. O-O-O Nxd5 13. cxd5 Ne7 14. e4 c5 15.
dxc6 Nxc6 16. Rhf1 Qf7 17. Nd2 f4 18. h4 Be6 19. hxg5 hxg5 20. gxf4 gxf4 21.
Rh1 Rfc8 22. Nc4 Bxc4 23. dxc4 Qxc4 24. Qb3 Qxb3 25. axb3 Nd4 26. Kb1 Nb5 27.
Bb4 Rc6 28. Bh3 Rd8 29. Be6+ Kf8 30. Rdg1 Nc7 31. Bf5 Ne8 32. Rg6 Kf7 33. Rhg1
Bf6 34. Rh1 b6 35. Rh7+ Ng7 36. f3 d5 37. exd5 Rxd5 38. Rhxg7+ 1-0

[Event "Ct. Catalunya eq DH"]
[Site "?"]
[Date "2012.01.28"]
[Round "1.1"]
[White "Alsina Leal, D."]
[Black "Peralta, F."]
[Result "0-1"]
[WhiteElo "2535"]
[BlackElo "2591"]
[PlyCount "148"]
[EventDate "2012.??.??"]
[EventType "team"]
[EventRounds "11"]

1. e4 d6 2. d4 Nf6 3. Nc3 g6 4. f4 Bg7 5. Nf3 c5 6. Bb5+ Nc6 7. dxc5 Qa5 8. Bd2
O-O 9. Qe2 Bg4 10. Nd5 Qd8 11. Nxf6+ Bxf6 12. c3 dxc5 13. O-O e5 14. Bxc6 bxc6
15. h3 Bxf3 16. Rxf3 exf4 17. Bxf4 Qe7 18. Raf1 Bg7 19. Qf2 Qxe4 20. Bd6 Rfd8
21. Bc7 Rf8 22. Qxc5 f5 23. Re3 Qa4 24. Re7 Qb5 25. Qxb5 cxb5 26. Be5 Rf7 27.
Rxf7 Kxf7 28. Bxg7 Kxg7 29. Rd1 Kf6 30. Rd7 h5 31. Kf2 h4 32. Kf3 Kg5 33. a3 a6
34. Rd6 Ra7 35. Ke3 Re7+ 36. Kf2 Ra7 37. Re6 Rd7 38. Ke2 a5 39. Re5 Rb7 40. Ke3
a4 41. Kf3 Rb8 42. Rc5 Rb7 43. Rd5 Rb8 44. Rd4 Rc8 45. Rd5 Rb8 46. Rd6 Re8 47.
Rd5 Rb8 48. Rc5 Rb7 49. Rc6 Rd7 50. Rc5 Rb7 51. g4 hxg3 52. Kxg3 Rd7 53. Rxb5
Rd3+ 54. Kg2 Rd2+ 55. Kg3 Rd3+ 56. Kg2 Kf4 57. Rb4+ Ke3 58. Rxa4 f4 59. Ra6
Rd2+ 60. Kg1 g5 61. Rg6 Rd1+ 62. Kh2 Rd2+ 63. Kg1 f3 64. Rf6 Rd1+ 65. Kh2 Rd2+
66. Kg1 Rd1+ 67. Kh2 f2 68. b4 f1=Q 69. Rxf1 Rxf1 70. a4 Kf3 71. a5 Rf2+ 72.
Kg1 Rc2 73. a6 Rxc3 74. b5 Ra3 0-1

[Event "Ct. Catalunya eq DH"]
[Site "?"]
[Date "2012.01.28"]
[Round "1.1"]
[White "Barsov, A."]
[Black "Movsziszian, K."]
[Result "1-0"]
[WhiteElo "2514"]
[BlackElo "2483"]
[PlyCount "65"]
[EventDate "2012.??.??"]
[EventType "team"]
[EventRounds "11"]

1. d4 Nf6 2. Nf3 g6 3. c4 Bg7 4. g3 O-O 5. Bg2 d5 6. cxd5 Nxd5 7. O-O Nb6 8.
Nc3 Nc6 9. d5 Na5 10. Qc2 c6 11. dxc6 Nxc6 12. Rd1 Bd7 13. Be3 Nc4 14. Bf4 Qc8
15. Rac1 Bh3 16. Qb3 Bxg2 17. Kxg2 Nb6 18. Be3 Rd8 19. Bxb6 Rxd1 20. Rxd1 axb6
21. Nd5 Qe6 22. Qxb6 Qxe2 23. Qxb7 Rb8 24. Nxe7+ Qxe7 25. Qxc6 Bxb2 26. Rb1 Qa3
27. Qd5 h6 28. h4 Rc8 29. h5 g5 30. Re1 Qa8 31. Qf5 Bg7 32. Re4 Qa7 33. Qxc8+
1-0

[Event "Ct. Catalunya eq DH"]
[Site "?"]
[Date "2012.??.??"]
[Round "1.1"]
[White "Magem Badals, J."]
[Black "Cornette, M."]
[Result "1/2-1/2"]
[WhiteElo "2566"]
[BlackElo "2577"]
[PlyCount "42"]
[EventDate "2012.??.??"]
[EventType "team"]
[EventRounds "11"]

1. e4 d5 2. exd5 Qxd5 3. Nc3 Qa5 4. d4 Nf6 5. Nf3 Bf5 6. Bc4 e6 7. Bd2 Bb4 8.
a3 Bxc3 9. Bxc3 Qb6 10. d5 Nbd7 11. O-O O-O 12. dxe6 Bxe6 13. Bxe6 Qxe6 14. Re1
Qf5 15. Nd4 Qd5 16. Qf3 Qxf3 17. Nxf3 Rfe8 18. Rad1 Rxe1+ 19. Nxe1 Re8 20. Nf3
c5 21. Rf1 Re7 1/2-1/2

[Event "Ct. Catalunya eq DH"]
[Site "?"]
[Date "2012.01.28"]
[Round "1.1"]
[White "Muñoz Pantoja, M."]
[Black "Kogan, A."]
[Result "1/2-1/2"]
[WhiteElo "2565"]
[BlackElo "2589"]
[PlyCount "42"]
[EventDate "2012.??.??"]
[EventType "team"]
[EventRounds "11"]

1. e4 c5 2. Nf3 d6 3. Bb5+ Nd7 4. c4 a6 5. Ba4 g6 6. Nc3 Bg7 7. O-O Ngf6 8. d3
O-O 9. h3 Rb8 10. Bg5 h6 11. Be3 e5 12. Rb1 Nh5 13. a3 Nf4 14. b4 Ne6 15. Nd5
f5 16. exf5 gxf5 17. Re1 Nf6 18. bxc5 f4 19. Nxf6+ Rxf6 20. Bd2 Nxc5 21. Bc2
Rf7 1/2-1/2

[Event "Ct. Catalunya eq DH"]
[Site "?"]
[Date "2012.??.??"]
[Round "1.1"]
[White "Oratovsky, M."]
[Black "Moskalenko, V."]
[Result "1/2-1/2"]
[WhiteElo "2549"]
[BlackElo "2579"]
[PlyCount "62"]
[EventDate "2012.??.??"]
[EventType "team"]
[EventRounds "11"]

1. e4 e6 2. d3 d5 3. Nd2 c5 4. g3 Nc6 5. Bg2 g6 6. Ngf3 Bg7 7. O-O Nge7 8. Re1
h6 9. c3 b6 10. d4 cxd4 11. Nxd4 Bb7 12. Nb5 a6 13. exd5 axb5 14. dxc6 Bxc6 15.
Nf3 O-O 16. a3 Qc7 17. Qe2 Qb7 18. Nh4 g5 19. Bxc6 Nxc6 20. Nf3 b4 21. cxb4
Nxb4 22. Bxg5 hxg5 23. axb4 Rxa1 24. Rxa1 Bf6 25. Nxg5 Bxg5 26. Qg4 Qd5 27. h4
Rc8 28. Qxg5+ Qxg5 29. hxg5 Rc4 30. Rd1 Rxb4 31. Rd2 Kg7 1/2-1/2

[Event "Ct. Catalunya eq DH"]
[Site "?"]
[Date "2012.01.28"]
[Round "1.2"]
[White "Alonso Garcia, R."]
[Black "Matnadze, A."]
[Result "0-1"]
[WhiteElo "2448"]
[BlackElo "2498"]
[PlyCount "106"]
[EventDate "2012.??.??"]
[EventType "team"]
[EventRounds "11"]

1. d4 Nf6 2. Nf3 e6 3. c4 b6 4. g3 Bb7 5. Bg2 Be7 6. O-O O-O 7. Re1 d5 8. cxd5
exd5 9. Nc3 Nbd7 10. Bf4 Ne4 11. Qc2 Nxc3 12. Qxc3 c5 13. dxc5 bxc5 14. Qc2 Qb6
15. b3 h6 16. Rac1 Rfd8 17. Nd2 Bf8 18. h4 Nf6 19. e4 d4 20. Nc4 Qe6 21. Qd3
Re8 22. Be5 Ng4 23. Bf4 Nf6 24. Be5 Nd7 25. Bf4 Rad8 26. Bd2 Qa6 27. Qb1 Qg6
28. e5 Qa6 29. Bxb7 Qxb7 30. Ba5 Nb6 31. Qd3 Rd5 32. Bxb6 axb6 33. a4 Rdd8 34.
f4 b5 35. axb5 Qxb5 36. f5 Rb8 37. Rb1 Qb4 38. Rf1 Ra8 39. Rf3 Ra2 40. Rbf1 Qb7
41. e6 f6 42. g4 g5 43. hxg5 hxg5 44. R3f2 Rea8 45. Qf3 Qxf3 46. Rxf3 Re2 47.
R3f2 Re4 48. Rg2 d3 49. Rd1 Rd8 50. Rg3 Rdd4 51. Rdxd3 Rxg4 52. Kf2 Rgf4+ 53.
Rgf3 Rxd3 0-1

[Event "Ct. Catalunya eq DH"]
[Site "?"]
[Date "2012.??.??"]
[Round "1.2"]
[White "Cruz Sanchez, C."]
[Black "Djuric, S."]
[Result "1-0"]
[WhiteElo "2555"]
[BlackElo "2445"]
[PlyCount "95"]
[EventDate "2012.??.??"]
[EventType "team"]
[EventRounds "11"]

1. d4 Nf6 2. c4 g6 3. Nc3 Bg7 4. e4 O-O 5. Nf3 d6 6. Be2 e5 7. O-O Qe7 8. d5
Na6 9. Bg5 h6 10. Be3 Ng4 11. Bd2 f5 12. g3 Nf6 13. exf5 gxf5 14. Nh4 Qf7 15.
f4 e4 16. Nb5 Nc5 17. Bc3 Ng4 18. Bxg4 fxg4 19. f5 Bxc3 20. bxc3 Qg7 21. Qd4
Rf7 22. Rae1 a6 23. Qxg7+ Kxg7 24. Nd4 b5 25. Nb3 Nxb3 26. axb3 bxc4 27. bxc4
Bd7 28. Rxe4 a5 29. Rxg4+ Kh7 30. Re4 a4 31. g4 Rb8 32. Nf3 a3 33. Kf2 c5 34.
Ra1 Rb3 35. Nd2 Rb2 36. Re2 a2 37. Ne4 Rxe2+ 38. Kxe2 Ba4 39. Kd3 Rb7 40. Rxa2
Bd1 41. Nxd6 Rb6 42. Nc8 Rb8 43. Ra7+ Kh8 44. Nd6 Rb2 45. f6 Rf2 46. Ra8+ Kh7
47. f7 Kg7 48. Rg8+ 1-0

[Event "Ct. Catalunya eq DH"]
[Site "?"]
[Date "2012.01.28"]
[Round "1.2"]
[White "Cuartas Medina, JA."]
[Black "Lopez Martinez, JM."]
[Result "1/2-1/2"]
[WhiteElo "2553"]
[BlackElo "2576"]
[PlyCount "96"]
[EventDate "2012.??.??"]
[EventType "team"]
[EventRounds "11"]

1. e4 e5 2. Nf3 Nf6 3. Bb5 Nc6 4. O-O a6 5. Ba4 Be7 6. Re1 b5 7. Bb3 O-O 8. c3
d6 9. d4 Bg4 10. Be3 Bh5 11. Nbd2 d5 12. exd5 Nxd5 13. Qb1 Bg6 14. Bc2 exd4 15.
Bxd4 Nxd4 16. Nxd4 Bf6 17. Bxg6 hxg6 18. N4f3 Nxc3 19. bxc3 Bxc3 20. Qc2 Bxa1
21. Rxa1 Re8 22. Nb3 Rc8 23. h4 c5 24. Rd1 Qb6 25. Rd7 c4 26. Nbd4 Rcd8 27.
Rxd8 Qxd8 28. Qc3 Qd6 29. g3 Qc5 30. a3 Re4 31. Kf1 Qd5 32. Qb2 f6 33. Qd2 Kh7
34. Qb2 Kh8 35. Qd2 Kg8 36. Qc3 a5 37. Qxa5 Rxd4 38. Nxd4 Qxd4 39. Qxb5 Qd1+
40. Kg2 Qc2 41. a4 c3 42. Qc4+ Kh7 43. a5 Qb2 44. a6 c2 45. a7 Qb7+ 46. Kg1
Qb1+ 47. Kh2 c1=Q 48. Qxc1 Qxc1 1/2-1/2

[Event "Ct. Catalunya eq DH"]
[Site "?"]
[Date "2012.01.28"]
[Round "1.2"]
[White "Gonzalez Garcia, J."]
[Black "Pablo Mari, A."]
[Result "1/2-1/2"]
[WhiteElo "2583"]
[BlackElo "2446"]
[PlyCount "118"]
[EventDate "2012.??.??"]
[EventType "team"]
[EventRounds "11"]

1. d4 Nf6 2. c4 g6 3. Nc3 Bg7 4. e4 d6 5. Bg5 O-O 6. Qd2 Na6 7. Bd3 c6 8. Nge2
e5 9. d5 cxd5 10. exd5 Nc5 11. Bc2 Qb6 12. O-O Nh5 13. Rab1 a5 14. Be3 Bd7 15.
a3 a4 16. Bxa4 Bxa4 17. b4 Qc7 18. bxc5 dxc5 19. d6 Qc6 20. Qd5 Nf4 21. Bxf4
exf4 22. Rxb7 Qxd5 23. Nxd5 Be5 24. Nexf4 Bxd6 25. g3 Bc2 26. Re1 Rxa3 27. Nf6+
Kg7 28. Ne8+ Rxe8 29. Rxe8 Bxf4 30. gxf4 Bd3 31. Rc7 Bxc4 32. Rxc5 Be6 33. Rd8
Ra4 34. f3 Rxf4 35. Kg2 Ra4 36. Rd2 Kf6 37. Kg3 h5 38. h4 Rb4 39. Re2 Ra4 40.
Re4 Ra1 41. Rf4+ Kg7 42. Re4 Kf6 43. Rf4+ Kg7 44. Rc7 Ra2 45. Re4 Kf6 46. Rf4+
Kg7 47. Re4 Kf6 48. Rc1 Rb2 49. Rc3 Ra2 50. Rf4+ Kg7 51. Re3 Rb2 52. Rfe4 Kf6
53. Re2 Rb3 54. R2e3 Rb2 55. Rf4+ Kg7 56. Rc3 Ra2 57. Rd4 Kf6 58. Rc5 Rb2 59.
Kf4 Rb3 1/2-1/2

[Event "Ct. Catalunya eq DH"]
[Site "?"]
[Date "2012.01.28"]
[Round "1.2"]
[White "Gonzalez Rodriguez, JA."]
[Black "Torrecillas Martinez, A."]
[Result "1-0"]
[WhiteElo "2385"]
[BlackElo "2424"]
[PlyCount "113"]
[EventDate "2012.??.??"]
[EventType "team"]
[EventRounds "11"]

1. b3 e5 2. Bb2 Nc6 3. e3 Nf6 4. Nf3 e4 5. Ne5 Nxe5 6. Bxe5 Be7 7. d4 exd3 8.
cxd3 d6 9. Bb2 O-O 10. Be2 c6 11. Nd2 Nd5 12. O-O Bf6 13. d4 Re8 14. Bf3 Nc7
15. Qc2 d5 16. a3 g6 17. b4 Bf5 18. Qb3 h5 19. a4 a6 20. Be2 Ne6 21. Rfe1 Bg7
22. Bf1 h4 23. b5 c5 24. dxc5 Nxc5 25. Qa3 Bxb2 26. Qxb2 Nd3 27. Bxd3 Bxd3 28.
Qd4 Bf5 29. h3 Be4 30. b6 Qg5 31. f3 Bf5 32. f4 Qd8 33. Rac1 Rc8 34. Rxc8 Qxc8
35. Kh2 Qc6 36. a5 Qb5 37. Rc1 Qe2 38. Nf1 Be4 39. Qd2 Qb5 40. Kg1 Bd3 41. Nh2
d4 42. Ng4 dxe3 43. Qc3 Re6 44. Ne5 Bf5 45. Qc8+ Kg7 46. Qxb7 Rf6 47. Qf3 Qxa5
48. b7 Rb6 49. Qxe3 Rxb7 50. Kh2 Qb6 51. Qe1 Qb4 52. Qxh4 Qd2 53. Rc6 Kf8 54.
Rxa6 Rb8 55. Nxf7 Kxf7 56. Qh7+ Ke8 57. Qg8+ 1-0

[Event "Ct. Catalunya eq DH"]
[Site "?"]
[Date "2012.01.28"]
[Round "1.3"]
[White "Bergez, L."]
[Black "Cuadras Avellana, J."]
[Result "1-0"]
[WhiteElo "2428"]
[BlackElo "2383"]
[PlyCount "97"]
[EventDate "2012.??.??"]
[EventType "team"]
[EventRounds "11"]

1. e4 c5 2. Nf3 e6 3. b3 Nf6 4. e5 Nd5 5. c4 Ne7 6. Bb2 Nbc6 7. Nc3 Nf5 8. Bd3
Nfd4 9. Nb5 Nxb5 10. cxb5 Nb4 11. Be4 Be7 12. O-O O-O 13. d4 d5 14. Bb1 c4 15.
Ne1 Bd7 16. a3 Nd3 17. Nxd3 cxd3 18. Bxd3 Qb6 19. Qh5 g6 20. Qe2 f5 21. exf6
Rxf6 22. a4 Raf8 23. a5 Qd8 24. Bc1 R6f7 25. Bh6 Re8 26. Qe3 Bd6 27. f4 Bb4 28.
a6 Qb6 29. axb7 Bc3 30. Ra4 a5 31. Bxg6 hxg6 32. Qxc3 Bxb5 33. Qxa5 Qc6 34. Rb4
Rxb7 35. Re1 Reb8 36. f5 exf5 37. Bf4 Re8 38. Rc1 Qd7 39. h3 Bc6 40. Rxb7 Qxb7
41. Be5 Kf7 42. Qc5 Re6 43. Ra1 Re7 44. Qd6 Re6 45. Qd8 Be8 46. Qh4 Re7 47. Bd6
Rd7 48. Re1 Qa7 49. Qh7+ 1-0

[Event "Ct. Catalunya eq DH"]
[Site "?"]
[Date "2012.??.??"]
[Round "1.3"]
[White "Farran Martos, FX."]
[Black "Lariño Nieto, D."]
[Result "0-1"]
[WhiteElo "2391"]
[BlackElo "2493"]
[PlyCount "92"]
[EventDate "2012.??.??"]
[EventType "team"]
[EventRounds "11"]

1. e4 c6 2. d4 d5 3. Nc3 dxe4 4. Nxe4 Nd7 5. Nf3 Ngf6 6. Bd3 Nxe4 7. Bxe4 Nf6
8. Bd3 Bg4 9. c3 Qd5 10. Be2 e6 11. h3 Bh5 12. O-O Bd6 13. c4 Qa5 14. Bd2 Qc7
15. Re1 O-O 16. Ng5 Bg6 17. Bf3 Rad8 18. Bc3 Bh2+ 19. Kh1 e5 20. d5 cxd5 21.
Bxd5 Bf4 22. Nf3 Nxd5 23. cxd5 f6 24. Bb4 Rf7 25. Qb3 Qc2 26. Qxc2 Bxc2 27. d6
b6 28. g3 Bh6 29. Re2 Bd3 30. Ree1 Rfd7 31. Rad1 Bc2 32. Rd5 Ba4 33. Rd3 Bc6
34. Kh2 a5 35. Ba3 b5 36. Bc5 e4 37. Nd4 exd3 38. Nxc6 d2 39. Ne7+ Kf7 40. Rd1
Rxe7 41. dxe7 Rc8 42. Be3 Bxe3 43. fxe3 Rc2 44. Kg2 Rxb2 45. a3 Kxe7 46. Kf3
Kd6 0-1

[Event "Ct. Catalunya eq DH"]
[Site "?"]
[Date "2012.01.28"]
[Round "1.3"]
[White "Pomes Marcet, J."]
[Black "Rodriguez Cespedes, A."]
[Result "1/2-1/2"]
[WhiteElo "2407"]
[BlackElo "2473"]
[PlyCount "44"]
[EventDate "2012.??.??"]
[EventType "team"]
[EventRounds "11"]

1. d4 Nf6 2. c4 e6 3. Nc3 Bb4 4. e3 c5 5. Nge2 d6 6. a3 Ba5 7. dxc5 dxc5 8.
Qxd8+ Kxd8 9. Bd2 Nc6 10. Ng3 Ke7 11. O-O-O Rd8 12. Be2 b6 13. f4 Bb7 14. Bf3
Rd7 15. Kc2 Rad8 16. Bc1 Bxc3 17. Kxc3 Rxd1 18. Rxd1 Rxd1 19. Bxd1 Nd8 20. Bf3
Bxf3 21. gxf3 g6 22. b4 Nb7 1/2-1/2

[Event "Ct. Catalunya eq DH"]
[Site "?"]
[Date "2012.01.28"]
[Round "1.3"]
[White "Valdes, L."]
[Black "Baches Garcia, G."]
[Result "0-1"]
[WhiteElo "2393"]
[BlackElo "2379"]
[PlyCount "84"]
[EventDate "2012.??.??"]
[EventType "team"]
[EventRounds "11"]

1. Nf3 Nc6 2. c4 Nf6 3. Nc3 e5 4. g3 d5 5. cxd5 Nxd5 6. Bg2 Nb6 7. O-O Be7 8.
d3 O-O 9. a3 Re8 10. b4 Bf8 11. Bb2 a5 12. b5 Nd4 13. Nd2 c6 14. bxc6 Nxc6 15.
Rb1 Be6 16. Bc1 Rb8 17. Nde4 f6 18. Be3 Nd4 19. Nb5 Nxb5 20. Rxb5 Nd5 21. Bd2
b6 22. Qa1 Ne7 23. Rfb1 Nf5 24. Bxa5 Nd4 25. Rxb6 Nxe2+ 26. Kh1 Rxb6 27. Bxb6
Qxd3 28. Nc5 Bxc5 29. Bxc5 Bd5 30. Rd1 Bxg2+ 31. Kxg2 Qe4+ 32. f3 Qc2 33. Bf2
e4 34. Qb1 exf3+ 35. Kf1 Qc4 36. Qd3 Qg4 37. Qd5+ Re6 38. Qd8+ Kf7 39. Rd7+ Kg6
40. Ke1 Nxg3+ 41. Kd1 Ne4 42. Be3 f2+ 0-1

[Event "Ct. Catalunya eq DH"]
[Site "?"]
[Date "2012.01.28"]
[Round "1.4"]
[White "Barbero Sendic, A."]
[Black "Jerez Perez, A."]
[Result "1/2-1/2"]
[WhiteElo "2335"]
[BlackElo "2409"]
[PlyCount "99"]
[EventDate "2012.??.??"]
[EventType "team"]
[EventRounds "11"]

1. e4 c6 2. d4 d5 3. f3 Qb6 4. Nc3 e6 5. Nge2 Nd7 6. Qd3 Bd6 7. Bd2 Ne7 8. e5
Bb8 9. f4 a6 10. O-O-O c5 11. Na4 Qc6 12. Nxc5 Nxc5 13. dxc5 Qxc5 14. Be3 Qa5
15. Kb1 Bd7 16. Nd4 O-O 17. Bf2 Ba7 18. Qh3 Bb5 19. Bd3 Bxd3 20. Rxd3 Bxd4 21.
Bxd4 Rac8 22. g4 Nc6 23. Bc3 Qa4 24. Qe3 d4 25. Qe4 Rfd8 26. Rh3 g6 27. Rg1 Rd5
28. Bd2 Nb4 29. Bxb4 Qxb4 30. Rd3 Qb5 31. Rb3 Qc6 32. Rc1 a5 33. h4 a4 34. Rh3
Qb6 35. Ka1 Rb5 36. Rb1 Rc3 37. Rhh1 Qc5 38. Rhd1 Rxc2 39. Qxd4 Qxd4 40. Rxd4
Ra5 41. a3 Kg7 42. Rb4 Rf2 43. Rd1 b5 44. Rh1 Ra7 45. h5 h6 46. hxg6 fxg6 47.
Ka2 Rf7 48. Rxb5 R2xf4 49. Rb4 g5 50. Rb6 1/2-1/2